00967nam a22003137i 4500001000900000003000900009005001700018007000900035008004100044015000600085016001600091017000900107020001500116035000600131040002500137080000600162082002200168100003000190240003600220245014300256260003400399300001900433490002700452500006300479600000600542650003400548700004300582830002800625 000579 DO-SdBNP20180207093233.0 000579 891108s1988 sp spa  a 7 a z 2BPMSU a b  a8434585804 a  aBPMSUbspacBPMSUe  0a  2 aI853.91bG435u1 aGiardina, Roberto,d1940-10aUna sirena di norte.lEspañol14aUna sirena en la noche /cRoberto Giardina ; traducción de Gabriela Sánchez Ferlosio ; ilustración de cubierta de Guido Bertello.h 1 aBarcelona : bSalvat, c1988. a154 p.;c23 cm1 aBiblioteca juvenilv67 aIncluye datos biográficos del autor en la contracubierta a  aCUENTOS INFANTILES ITALIANOS 12aSánchez Ferlosio, Gabriela,etr. d  0aBiblioteca juvenil v67